00799cam a22002411 4500001001300000003000400013005001700017008004100034010001700075035001900092040003800111050002400149051001800173100004800191245004800239260002900287300002400316490005900340500007600399650002900475710003600504999001700540gs 14000451 DLC20260227111315.0800207s1913 tnua s000 0 eng c ags 14000451  a(OCoLC)5962526 aU.S. Geological SurveycMnNCdDLC00aQE165b.A2 no. 10-C aSD397.P85bA71 aAshe, W. W.q(William Willard),d1872-1932.10aYellow poplar in Tennessee,cby W. W. Ashe. aNashville, Tenn.,c1913. a56 p.bill.c23 cm.0 aTennessee. Geological survey, 1909-1923. Bulletin 10-C aIn cooperation with the Forest service. U.S. Department of agriculture. 0aLiriodendron tulipifera.1 aUnited States.bForest Service. c25356d25356